Reinžiniering - radikálna premena podniku

Novým prístupom, usilujúcim sa o dokonalé a rýchle splnenie požiadaviek zákazníka, ktorý reprezentuje úplný nový spôsob podnikania, novú podnikateľskú filozofiu v súčasných podnikoch, je reinžiniering (BPR – Business process reengineering). Postup pri realizácii reinžinieringu. Reižiniering a ľudský...

Ausführliche Beschreibung

Gespeichert in:
Bibliographische Detailangaben
1. Verfasser: Hrašková, Dagmar
Format: Buchkapitel
Sprache:Slowakisch
Schlagworte:
Tags: Tag hinzufügen
Keine Tags, Fügen Sie das erste Tag hinzu!

MARC

LEADER 00000naa$a2200000$$$4500
001 0116635
005 20231103072506.1
041 0 |a slo 
044 |a SK 
245 1 0 |a Reinžiniering - radikálna premena podniku  |c Dagmar Hrašková 
520 |a Novým prístupom, usilujúcim sa o dokonalé a rýchle splnenie požiadaviek zákazníka, ktorý reprezentuje úplný nový spôsob podnikania, novú podnikateľskú filozofiu v súčasných podnikoch, je reinžiniering (BPR – Business process reengineering). Postup pri realizácii reinžinieringu. Reižiniering a ľudský faktor. Typológia reinžinieringu. Prínosy z implementácie reinžinieringu. 
610 2 0 |a reengineering 
610 2 0 |a metódy riadenia 
610 2 0 |a konkurencia 
610 2 0 |a zákazníci 
610 2 0 |a procesy podnikové 
610 2 0 |a riadenie procesné 
100 1 |a Hrašková, Dagmar